[Event "ROM-ch U08"]
[Site "Baile Felix"]
[Date "2017.02.06"]
[Round "6"]
[White "Dobre, Calin Cezar"]
[Black "Cioritanu, Rares Andrei"]
[Result "0-1"]
[WhiteElo "1028"]
[BlackElo "1064"]
[PlyCount "29"]
[EventDate "2017.02.02"]
[EventType "swiss"]
[EventRounds "9"]
[EventCountry "ROU"]
[SourceTitle "CBM 176 Extra"]
[Source "ChessBase"]
[SourceDate "2017.03.02"]
[SourceVersion "1"]
[SourceVersionDate "2017.03.02"]
[SourceQuality "1"]

1. e4 c5 2. Nf3 e6 3. e5 Nc6 4. Bb5 g6 5. d3 Bg7 6. Bf4 Nge7 7. Nc3 0-0 8. 0-0 d5 9. Qe2 Nf5 10. Bg5 Qd7 11. Rfe1 c4 12. Na4 b6 13. Rad1 Bb7 14. Bf6 Bxf6 15. exf6 0-1

[Event "ROM-ch U08"]
[Site "Baile Felix"]
[Date "2017.02.05"]
[Round "4"]
[White "Savin, Mihai"]
[Black "Cioritanu, Rares Andrei"]
[Result "1-0"]
[WhiteElo "1144"]
[BlackElo "1064"]
[PlyCount "65"]
[EventDate "2017.02.02"]
[EventType "swiss"]
[EventRounds "9"]
[EventCountry "ROU"]
[SourceTitle "CBM 176 Extra"]
[Source "ChessBase"]
[SourceDate "2017.03.02"]
[SourceVersion "1"]
[SourceVersionDate "2017.03.02"]
[SourceQuality "1"]

1. e4 c5 2. Nf3 e6 3. d4 cxd4 4. Nxd4 a6 5. Nc3 d6 6. Bd3 Nf6 7. Bg5 e5 8. Nf3 Nc6 9. Qe2 Be7 10. 0-0 Bg4 11. h3 Bxf3 12. Qxf3 Qd7 13. Bxf6 Bxf6 14. Nd5 Qe6 15. Nc7+ Kd7 16. Nxe6 Kxe6 17. Bc4+ Ke7 18. Qh5 g6 19. Qe2 Nd4 20. Qd2 Rac8 21. Bb3 h6 22. Rfd1 Bg5 23. Qd3 a5 24. c3 Nxb3 25. Qxd6+ Ke8 26. axb3 Rd8 27. Qxe5+ Be7 28. Qxh8+ Bf8 29. Rxd8+ Kxd8 30. Qxf8+ Kd7 31. Rd1+ Kc6 32. Qd6+ Kb5 33. Rd5# 1-0